| 000 | 00364nam a2200145Ia 4500 | ||
|---|---|---|---|
| 008 | 240624s9999 xx 000 0 und d | ||
| 041 | _aeng | ||
| 082 | _a330 BAU | ||
| 100 | _aBAUMOL WILLIAM J | ||
| 245 | _aECONOMIC THEORY AND OPERATION ANALYSIS | ||
| 250 | _a(4th ed.) | ||
| 260 |
_c2003 _aNew Delhi _bPrentice-Hall of India |
||
| 300 | _axxi, : 695 | ||
| 365 | _cRS | ||
| 999 |
_c458 _d458 |
||